| 000 | 00672cam a2200277ua 4500 | ||
|---|---|---|---|
| 020 | _c1.25 | ||
| 041 |
_amal _h |
||
| 082 |
_a635.01 _bGOP/PO |
||
| 100 | _aGopalakrishnan, P K . | ||
| 245 |
_aPoshakathottam / _cP K Gopalakrishnan. _hTextual Documents |
||
| 250 |
_a1 / _b. |
||
| 260 |
_aThrissur : _bKerala Agricultural University , _c1980. |
||
| 300 | _a22 ; . | ||
| 365 | _a1.25 | ||
| 504 | _a | ||
| 700 | 1 | _aPeter, K V . | |
| 700 | 1 | _aRajmohan, K . | |
| 942 | _cBK | ||
| 999 |
_c10864 _d10864 |
||